Cyclical Effects of the Composition of Government Purchases

Salvato in:
Dettagli Bibliografici
Autore principale: Aziz, Jahangir
Altri autori: Leruth, Luc
Natura: Libro
Lingua:inglese
Pubblicazione: Washington International Monetary Fund 1997
Edizione:1. ed.
Serie:IMF Working Paper 19
Soggetti:
Tags: Aggiungi Tag
Nessun Tag, puoi essere il primo ad aggiungerne!!

MARC

LEADER 00000nam a2200000 4500
001 c021136
005 20221129110132.8
041 0 |a eng 
044 |a US 
245 1 0 |a Cyclical Effects of the Composition of Government Purchases  |c Jahangir Aziz, Luc Leruth 
250 |a 1. ed. 
264 1 |a Washington  |b International Monetary Fund  |c 1997 
300 |a 38 s. 
490 1 |a IMF Working Paper  |v 19 
830 0 |a IMF Working Paper  |v 19 
610 2 0 |a nákup 
610 2 0 |a vláda 
610 2 0 |a rovnováha trhová 
610 2 0 |a trh nákupný 
610 2 0 |a investície verejné 
610 2 0 |a správa štátna 
610 2 0 |a správa verejná 
610 2 0 |a majetok štátny 
610 2 0 |a ekonometria 
100 1 |a Aziz, Jahangir 
700 1 |a Leruth, Luc